TH-SOF-2112-Fabrication Of Cu DOPED ZINC Sulfide Thin Films for 2nd Generation Photovoltaics (Record no. 592697)

000 -LEADER
fixed length control field 00423nam a22001337a 4500
040 ## - CATALOGING SOURCE
Transcribing agency NUST
082 ## - DEWEY DECIMAL CLASSIFICATION NUMBER
Classification number 200 THE
100 ## - MAIN ENTRY--PERSONAL NAME
Personal name Saad Saud Ali Shah
9 (RLIN) 104910
110 ## - MAIN ENTRY--CORPORATE NAME
Corporate name or jurisdiction name as entry element Supervisor Dr. Saifullah Awan
9 (RLIN) 84268
245 ## - TITLE STATEMENT
Title TH-SOF-2112-Fabrication Of Cu DOPED ZINC Sulfide Thin Films for 2nd Generation Photovoltaics
260 ## - PUBLICATION, DISTRIBUTION, ETC.
Place of publication, distribution, etc. ISLAMABAD:
Name of publisher, distributor, etc. NUST COLLEGE OF EME,
Date of publication, distribution, etc. 2022.
650 ## - SUBJECT ADDED ENTRY--TOPICAL TERM
Topical term or geographic name entry element MS-ELEC-19
9 (RLIN) 104911
942 ## - ADDED ENTRY ELEMENTS (KOHA)
Source of classification or shelving scheme
Koha item type Thesis
Holdings
Withdrawn status Lost status Source of classification or shelving scheme Damaged status Not for loan Permanent Location Current Location Shelving location Date acquired Total Checkouts Full call number Barcode Date last seen Price effective from Koha item type
          College of Electrical & Mechanical Engineering (CEME) College of Electrical & Mechanical Engineering (CEME) Thesis 12/15/2022   200 THE TH-SOF-2112 12/15/2022 12/15/2022 Reference
© 2023 Central Library, National University of Sciences and Technology. All Rights Reserved.